000 00243nam a22000857a 4500
999 _c516936
_d516936
100 _aBery, Suman K.
_923801
245 _aMid - year review of the Indian economy 2002 - 2003
_cby Suman K. Bery
260 _aNew Delhi
_bShipra
_c2003
300 _a156p.